Ťažisko vo vysokej efektívnosti Z diskusie zo zasadnutia SKV KSS, konaného dňa 22. II. 1980

Bibliographic Details
Main Author: Petrus, Jaroslav (Author)
Format: Article
Language:Slovak
Subjects:

MARC

LEADER 00000nab a2200000 a 4500
001 vtls000053118
003 SK-MaSNL
005 20260305042238.0
008 111103c1980 xo 0 slo
015 |a SNBRB19rr/mm-uuuuu 
035 |a CL0063215 
040 |a SNKBUCL  |b slo  |c SNKBUCL  |e AACR2 
041 0 |a slo 
044 |a xo  |c SK 
080 |a 329.15(437.6)  |2 1981 
100 1 |a Petrus, Jaroslav  |4 aut  |9 1134894 
245 1 0 |a Ťažisko vo vysokej efektívnosti  |b Z diskusie zo zasadnutia SKV KSS, konaného dňa 22. II. 1980  |c Jaroslav Petrus 
650 0 7 |a KSS KV  |2 snkbucl  |9 1003290 
651 7 |a 5301  |2 snkbucl  |9 893756 
651 7 |a 5300  |2 snkbucl  |9 279425 
651 7 |a Stredoslovenský kraj (Slovensko)  |2 snkbucl  |9 161135 
655 7 |a články z novín a časopisov  |2 snkbucl  |9 267496 
773 0 |t Smer  |g Roč. 32, č. 62 (13. 3. 1980), s. 5 
850 |a Slovenská národná knižnica v Martine  |a MTA001 
852 |a SNK  |b KIS3GCP 
958 |a RK 
992 |a RBX 
999 |c 3347751  |d 3349681